Anales del Instituto Radio-Quirúrgico de Guipúzcoa. (Record no. 173438)

MARC details
000 -LEADER
campo de control de longitud fija 00554nas a2200181 i 4500
001 - NÚMERO DE CONTROL
campo de control 173438
003 - IDENTIFICADOR DE NÚMERO DE CONTROL
campo de control ES-MaACL
005 - FECHA Y HORA DE LA ÚLTIMA TRANSACCIÓN
campo de control 20250901062848.0
008 - DATOS DE LONGITUD FIJA--INFORMACIÓN GENERAL
campo de control de longitud fija 091202c1941 sp | | ||pa d
245 00 - MENCIÓN DEL TÍTULO
Título Anales del Instituto Radio-Quirúrgico de Guipúzcoa.
260 ## - PUBLICACIÓN, DISTRIBUCIÓN, ETC.
Lugar de publicación, distribución, etc. San Sebastián :
Nombre del editor, distribuidor, etc. [Instituto Radio-Quirúrgico de Guipúzcoa],
Fecha de publicación, distribución, etc. 1941-
300 ## - DESCRIPCIÓN FÍSICA
Extensión 90 p. :
Otras características físicas il. ;
Dimensiones 25 cm.
310 ## - PERIODICIDAD ACTUAL
Periodicidad actual Anual
710 2# - ENTRADA AGREGADA--NOMBRE DE ENTIDAD CORPORATIVA
Nombre de entidad corporativa o nombre de jurisdicción como elemento de entrada Instituto Radio-Quirúrgico de Guipúzcoa
9 (RLIN) 141695
852 ## - LOCALIZACIÓN
Ubicación ES-MaACL
Número de control de estantería C-41284
866 #0 - MENCIÓN TEXTUAL DE FONDOS--UNIDAD BIBLIOGRÁFICA BÁSICA
Fondos 1971.
Holdings
Estatus retirado Estado de pérdida Estado de daño No para préstamo Colección Biblioteca de origen Biblioteca actual Ubicación en estantería Fecha de adquisición Fuente de adquisición Total de préstamos Signatura topográfica completa Código de barras Visto por última vez Precio de reemplazo Tipo de ítem Koha
        Periódicos y Revistas Biblioteca del Ateneo de Madrid Biblioteca del Ateneo de Madrid Depósito 2 02/12/2009     C-41284 1182015 23/02/2023 23/02/2023 Revista